00378pab a2200121 454500008004000000100002600040245010200066260000900168300001700177650001700194700001900211773002600230180718b2013 xxu||||| |||| 00| 0 eng d aBallegooijen, Jan Van aThe ideologies of informality: informal urbanisation in the architectural and planning discourses c2013 ap.1794-1810. aUrbanization aRocco, Roberto aThird World Quarterly